Foo Fighters Albums Tile Select - Statistics

General Stats
  • This quiz has been taken 148 times
  • The average score is 36 of 45
Answer Stats
Question Tile Select % Correct
the following songs that are on The Colour and the Shape (1997). Alone + Easy Target No
95%
the following songs that are on The Colour and the Shape (1997). Everlong Yes
95%
the following songs that are on Foo Fighters (1995). February Stars No
95%
the following songs that are on The Colour and the Shape (1997). Monkey Wrench Yes
95%
the following songs that are on Foo Fighters (1995). My Hero No
95%
the following songs that are on Foo Fighters (1995). This Is a Call Yes
95%
the following songs that are on Foo Fighters (1995). Breakout No
91%
the following songs that are on Foo Fighters (1995). Headwires No
90%
the following songs that are on Foo Fighters (1995). I'll Stick Around Yes
90%
the following songs that are on The Colour and the Shape (1997). Tired of You No
90%
the following songs that are on The Colour and the Shape (1997). Stacked Actors No
89%
the following songs that are on The Colour and the Shape (1997). Big Me No
87%
the following songs that are on There Is Nothing Left to Lose (1999). Learn to Fly Yes
87%
the following songs that are on There Is Nothing Left to Lose (1999). Come Back No
86%
the following songs that are on There Is Nothing Left to Lose (1999). Good Grief No
86%
the following songs that are on There Is Nothing Left to Lose (1999). New Way Home No
86%
the following songs that are on One by One (2002). All My Life Yes
85%
the following songs that are on There Is Nothing Left to Lose (1999). Halo No
85%
the following songs that are on One by One (2002). Times Like These Yes
85%
the following songs that are on Foo Fighters (1995). For All the Cows Yes
84%
the following songs that are on One by One (2002). Miracle No
84%
the following songs that are on There Is Nothing Left to Lose (1999). Aurora Yes
83%
the following songs that are on One by One (2002). Friend of a Friend No
81%
the following songs that are on In Your Honor (2005). Bridge Burning No
79%
the following songs that are on There Is Nothing Left to Lose (1999). Generator Yes
78%
the following songs that are on One by One (2002). Gimme Stitches No
77%
the following songs that are on In Your Honor (2005). The Pretender No
77%
the following songs that are on In Your Honor (2005). These Days No
77%
the following songs that are on The Colour and the Shape (1997). Walking After You Yes
77%
the following songs that are on The Colour and the Shape (1997). My Poor Brain Yes
73%
the following songs that are on Foo Fighters (1995). Oh, George Yes
73%
the following songs that are on The Colour and the Shape (1997). Up in Arms Yes
72%
the following songs that are on Foo Fighters (1995). Exhausted Yes
70%
the following songs that are on There Is Nothing Left to Lose (1999). Next Year Yes
70%
the following songs that are on In Your Honor (2005). No Way Back Yes
69%
the following songs that are on In Your Honor (2005). Let It Die No
68%
the following songs that are on One by One (2002). Low Yes
68%
the following songs that are on In Your Honor (2005). Resolve Yes
68%
the following songs that are on In Your Honor (2005). Long Road to Ruin No
67%
the following songs that are on There Is Nothing Left to Lose (1999). Ain't It the Life Yes
65%
the following songs that are on One by One (2002). Disenchanted Lullaby Yes
64%
the following songs that are on In Your Honor (2005). Cold Day in the Sun Yes
62%
the following songs that are on In Your Honor (2005). End Over End Yes
59%
the following songs that are on One by One (2002). Have It All Yes
59%
the following songs that are on One by One (2002). Burn Away Yes
48%
No matching quizzes found
Score Distribution
Percent of People with Each Score
Percentile by Number Answered
Your Score History
You have not taken this quiz